Sintetizador y visualizador de circuitos digitales en tiempo real parte 1

محفوظ في:
التفاصيل البيبلوغرافية
المؤلف الرئيسي: Araya Carballo, Luis Enrique, 1992-
مؤلفون آخرون: Lochi Yu Lo, Lucky, Director de Proyecto Eléctrico
التنسيق: كتاب
اللغة:Spanish
منشور في: [San José], Costa Rica 2014
الموضوعات:
الوسوم: إضافة وسم
لا توجد وسوم, كن أول من يضع وسما على هذه التسجيلة!

MARC

LEADER 00000nam a22000007a 4500
003 012193
005 20230818132939.0
008 150721b2014 cr a|||| |||| 00| ||spa d
040 |c cru CEDI 
100 |9 1147  |a Araya Carballo, Luis Enrique, 1992- 
245 |a Sintetizador y visualizador de circuitos digitales en tiempo real parte 1 
260 |a  [San José], Costa Rica  |c 2014 
300 |a  xi, 47 hojas : ilustraciones 
500 |a Proyecto de graduación (bachillerato en ingeniería eléctrica)--Universidad de Costa Rica. Facultad de Ingeniería. Escuela de Ingeniería Eléctrica 
501 |a Profesor Guía de IE-0499 Proyecto Eléctrico: Ph.D. Lucky Lochi Yu Lo 
650 |x SIMULACION POR COMPUTADORA  |x VERILOG (LENGUAJE PARA DESCRIPCION DE EQUIPO DE COMPUTACION)   |x ELECTRONICA DIGITAL  |9 852 
700 |9 828  |a Lochi Yu Lo, Lucky,  |d Director de Proyecto Eléctrico  
942 |c CEDI  |h TFG 7358  |6 TFG_7358_000000000000000 
999 |c 13898  |d 13898